Federative learning vehicles
Na minha lista:
| Autor principal: | |
|---|---|
| Outros Autores: | |
| Formato: | Manuscrito Livro |
| Idioma: | eslovaco inglês |
| Publicado em: |
2025
|
| Assuntos: | |
| Acesso em linha: | http://is.stuba.sk/zp/portal_zp.pl?podrobnosti=183869 |
| Tags: |
Sem tags, seja o primeiro a adicionar uma tag!
|
MARC
| LEADER | 00000ntm a22000003a 4500 | ||
|---|---|---|---|
| 001 | stuzp105840 | ||
| 003 | SK-STU | ||
| 005 | 20250607211807.2 | ||
| 007 | ta | ||
| 008 | 150427s2015----xo-----f-mn---000-0-slo-d | ||
| 040 | |a STU |b slo | ||
| 041 | 0 | |a eng | |
| 100 | 1 | |a Matúš, Roman |u 070400 |4 aut |U FIIT Fakulta informatiky a informačných technológií |T FIIT Ústav počítačového inžinierstva a aplikovanej informatiky |X 103046 |U I400 |Y 672 |7 103046 | |
| 242 | 0 | 1 | |a Federatívne učenie vozidiel |y slo |
| 245 | 1 | 0 | |a Federative learning vehicles |
| 260 | |c 2025 | ||
| 650 | 4 | |a Federated learning |2 eng | |
| 650 | 4 | |a Distributed training |2 eng | |
| 650 | 4 | |a Machine learning |2 eng | |
| 650 | 4 | |a CARLA simulator |2 eng | |
| 650 | 4 | |a Reinforcement learning |2 eng | |
| 650 | 4 | |a Autonomous vehicles |2 eng | |
| 650 | 4 | |a CARLA simulátor |2 slo | |
| 650 | 4 | |a Autonómne vozidlá |2 slo | |
| 650 | 4 | |a Federatívne učenie |2 slo | |
| 650 | 4 | |a Distribuovaný tréning |2 slo | |
| 650 | 4 | |a Strojové učenie |2 slo | |
| 650 | 4 | |a Učenie posilňovaním |2 slo | |
| 700 | 1 | |a Bakonyi, Peter |u 070400 |k Z8 |4 ths |U FIIT Fakulta informatiky a informačných technológií |T FIIT Ústav počítačového inžinierstva a aplikovanej informatiky |X 73658 |U I400 |Y 672 |7 73658 | |
| 856 | 4 | |u http://is.stuba.sk/zp/portal_zp.pl?podrobnosti=183869 | |